|
|
|
|
| LEADER |
01106aam a22002658a 4500 |
| 001 |
00029523 |
| 008 |
120822s2003 ||||||viesd |
| 005 |
20171026081023.0 |
| 020 |
|
|
|c 9000
|
| 041 |
0 |
# |
|a vie
|
| 082 |
1 |
4 |
|a 895.922 12
|b TR527K
|
| 100 |
1 |
# |
|a Nguyễn, Du
|
| 245 |
1 |
0 |
|a Truyện Kiều
|c Nguyễn Du; Bùi Kỷ, Trần Trọng Kim (hiệu thảo)
|
| 260 |
# |
# |
|a Đồng Nai
|b Đồng Nai
|c 2003
|
| 300 |
# |
# |
|a 203 tr.
|c 18 cm.
|
| 650 |
# |
4 |
|a Văn học
|v Tác phẩm
|z Việt Nam
|
| 653 |
# |
# |
|a Truyện Kiều
|
| 653 |
# |
# |
|a Văn học Việt Nam
|
| 700 |
1 |
# |
|a Bùi, Kỷ
|e Hiệu thảo
|
| 700 |
1 |
# |
|a Trần, Trọng Kim
|e Hiệu thảo
|
| 852 |
# |
# |
|b Kho mượn
|j KM.0014118, KM.0014119, KM.0014120, KM.0014121, KM.0014122, KM.0014123, KM.0014124, KM.0014125, KM.0014126
|
| 852 |
# |
# |
|b Kho đọc
|j KD.0013855
|
| 852 |
# |
# |
|j KM.0014121
|j KM.0014122
|j KM.0014124
|j KM.0014125
|j KM.0014119
|j KM.0014120
|j KD.0013855
|j KM.0014118
|j KM.0014123
|j KM.0014126
|
| 910 |
0 |
# |
|d 13/9/2012
|a kchi
|
| 980 |
# |
# |
|a Trung tâm Học liệu Lê Vũ Hùng, Trường Đại học Đồng Tháp
|